Euler's Number - Statistics

General Stats
  • This quiz has been taken 80 times
  • The average score is 9 of 10
Answer Stats
Hint Answer % Correct
1
98%
2. 7
98%
1
95%
2
95%
8
95%
8
95%
2
93%
4
93%
8
93%
8
93%
No matching quizzes found
Score Distribution
Percent of People with Each Score
Percentile by Number Answered
Your Score History
You have not taken this quiz